000 00654nam a2200253Ia 4500
001 19980
005 20240113235955.0
007 ta
008 060217s1898 a g b000 u 465 u
040 _aCotton college,Assam
041 _a465
082 _a330
_bP 195 P
100 _aPantaleoni, Maffeo .
245 0 _aPure Economics /
_cMaffeo Pantaleoni.
_hTextual Documents
250 _a1st ed. /
260 _aNew York :
_bMacmillan and co ,
_c1898.
300 _axiii,315p. :
_bill ;
_c23cm .
504 _aBib.,Index
653 _aEconomics
653 _aG-Economics
942 _2ddc
_cBK
999 _c19962
_d19962